| 000 | 00932naa a2200265 c 4500 | ||
|---|---|---|---|
| 001 | 29249 | ||
| 003 | ES-MaCES | ||
| 005 | 19981124145700.0 | ||
| 008 | 960507n1995 ne ||| | eng d | ||
| 035 | _aCES19980031936v | ||
| 040 |
_aES-MaCES _bspa _cES-MaCES |
||
| 100 | 1 |
_aBlum, Jürg _97933 |
|
| 245 | 1 | 4 |
_aThe macroeconomic implications of capital adequacy requirements for banks _cJürg Blum, Martin Hellwig |
| 504 | _aBibliografía: p. 748-749 | ||
| 650 | 4 |
_amodelo econométrico _929368 |
|
| 650 | 4 |
_aactividad bancaria _928105 |
|
| 650 | 4 |
_agarantías de las inversiones _928142 |
|
| 650 | 4 |
_ainversiones de capital _928140 |
|
| 653 | 1 | 0 | _aFinanciación |
| 700 | 1 |
_aHellwig, Martin _914590 |
|
| 773 | 0 |
_tEuropean economic review _gAmsterdam. - Vol. 39, no. 3-4 (Apr. 1995) ; p. 739-749 _w(ES-MaCES)25173 |
|
| 902 | _aART Artículo de revista | ||
| 942 |
_2CES _cAR _h0.0. |
||
| 999 |
_c29249 _d29249 |
||